Klaipėdos miesto ir regiono ekonominė istorija XIII - XVI amžiais

Titel: Klaipėdos miesto ir regiono ekonominė istorija XIII - XVI amžiais : ūkinė raida ikiindustrinėje epochoje ; monografija / Julius Žukas
Verfasser:
Veröffentlicht: Klaipėda : Klaipėdos Universiteto Leidykla, 2015
Umfang: 175 Seiten : Illustrationen
Format: Buch
Sprache: Litauisch
Schlagworte:
ISBN: 9789955188452
Buchumschlag
X
Lokale Klassifikation: 45 8 M 1 ; 45 13 A ; 45 13 B ; 45 7 D
alg: 36751051
001A    $03004:09-12-15 
001B    $01999:09-06-23 $t22:47:03.000 
001D    $03004:16-02-16 
001U    $0utf8 
001X    $00 
002@    $0Aau 
002C    $aText $btxt $2rdacontent 
002D    $aohne Hilfsmittel zu benutzen $bn $2rdamedia 
002E    $aBand $bnc $2rdacarrier 
003@    $0367510510 
003O    $0931848422 $aOCoLC 
004A    $A978-9955-18-845-2 
006G    $01105050009 
006H    $0TOCNEUA1630 $2DNB 
006U    $016,A33 $f20160701 
007A    $0367510510 $aHEB 
007G    $0DE02005A53E790C4231F2C1257F5D0030D6AF 
009P    $qapplication/pdf $A2 $3Inhaltsverzeichnis $uhttp://scans.hebis.de/HEBCGI/show.pl?36751051_toc.pdf $mV:DE-603;B:DE-Mb50 
010@    $alit 
011@    $a2015 
021A    $aKlaipėdos miesto ir regiono ekonominė istorija XIII - XVI amžiais $dūkinė raida ikiindustrinėje epochoje ; monografija $hJulius Žukas 
028A    $BVerfasser $4aut $7 $8Žukas, Julius [Tnd] $9160706971 
033A    $pKlaipėda $nKlaipėdos Universiteto Leidykla 
034D    $a175 Seiten 
034M    $aIllustrationen 
037A    $aLiteraturverzeichnis Seite 148 - 160 
039Z    $aZusammengefasst als $tWirtschaftsgeschichte der Stadt und Region Memel im 13.-16. Jahrhundert. Die wirtschaftliche Entwicklung in der vorindustriellen Zeit 
044K    $qDNB $74394964-2 $8Memel$zRegion [Tg1] $9088490564 
044K    $qDNB $RWirtschaftswachstum $#Economic development $#Développement économique $#Wirtschaftliche Entwicklung $#Wirtschaftsdynamik $#Wirtschaftswandel $#Wirtschaftlicher Wandel $#Ökonomische Entwicklung $74066438-7 $8Wirtschaftsentwicklung [Ts1] $9085186708 
045E    $c330 
045F    $a330.094793 $eDDC23BSB 
045F/01 $a330.09 
045F/03 $g4793 
045G    $a630.94793 $eDDC23BSB 
045G/01 $a630.9 
045G/03 $g4793 
045H    $a900.9479309023 $eDDC23BSB 
045H/01 $a900 
045H/03 $f09023 
045H/03 $f09024 
045H/03 $g4793 
045R    $aGeschichte 1200-1600 
046L    $aZusammenfassung in deutscher Sprache 

lok: 36751051 24
101B    $016-02-16 $t15:23:39.000 
101C    $016-02-16 
101U    $0utf8 
145Z/01 $a45 8 M 1 
145Z/02 $a45 13 A 
145Z/03 $a45 13 B 
145Z/04 $a45 7 D 

exp: 36751051 24 1 #EPN
201B/01 $016-02-16 $t15:27:03.000 
201C/01 $009-12-15 
201U/01 $0utf8 
203@/01 $0764662422 
208@/01 $a16-02-16 $bz 
209A/01 $a16.00341 $du $f050 $h16 00341 $x00 
209C/01 $a16.00341 K $h16 00341 K 
209G/01 $a73713544 $x00 
220C/01 $acer 
247C/01 $8358050-7 Marburg, Bibliothek des Herder-Instituts Marburg $9102600961 

lok: 36751051 78

exp: 36751051 78 1 #EPN
201B/01 $010-04-19 $t15:53:21.000 
201C/01 $010-04-19 
201U/01 $0utf8 
203@/01 $01049870980 
208@/01 $a10-04-19 $be 
209A/01 $a/ $f000 $x00 
209A/01 $ab*p $x01 
220C/01 $apgar 
244Z/01 $#Litauen $#Litauen $#Lithuania $#Lietuvos Respublika $#République Lithuanienne $#Lithuanie $#Litva 1918 - 1940, 1991, 9 - $#Litovskaja Respublika $#Lithuania 1918 - 1940, 1991, 9 - $#Republik Litauen $#Republic of Lithuania $#Lithuanian Republic $#Litauische Republik $#Lietuva $74074266-0 $8--Tg1--Litauen $x01 $9085209074 
244Z/01 $#Preußen $#Preußen $#Brandenburg-Preußen $#Königreich Preußen $#Preußische Staaten $#Preußischer Staat $#Der @Preußische Staat $#Königlich Preußische Staaten $#Prusy Królewskie $#Königlich Preußen $#Prussia $74047194-9 $8--Tg1--Preußen $x02 $9085131652 
244Z/01 $#Memel $#Klájpeda Klaipėda $#Miesto Klaipėda $#Stadt Memel Klaipėda $#Seestadt Memel Klaipėda $75173948-3 $8--Tg1--Klaipėda $x03 $9050010727 
247C/01 $82080>Marburg/Lahn, Herder-Institut, Forschungsbibliothek, Bibliographieportal $9336309341
LEADER 00000cam a2200000 c 4500
001 367510510
003 DE-603
005 20230609224703.0
007 tu
008 151209s2015 xx |||| | u00||u|lit
015 |a 16,A33  |2 dnb 
016 7 |2 DE-101  |a 1105050009 
020 |a 9789955188452 
035 |a (DE-599)HEB367510510 
035 |a (OCoLC)931848422 
040 |a DE-603  |b ger  |c DE-603  |d DE-603 
041 |a lit 
082 0 4 |8 1\u  |a 330.094793  |q DE-101  |2 23/BSB 
083 0 |8 2\u  |a 630.94793  |q DE-101  |2 23/BSB 
083 0 |8 3\u  |a 900.9479309023  |q DE-101  |2 23/BSB 
084 |a 330  |q DE-101  |2 sdnb 
085 |8 1\u  |b 330.09 
085 |8 1\u  |z 2  |s 4793 
085 |8 2\u  |b 630.9 
085 |8 2\u  |z 2  |s 4793 
085 |8 3\u  |b 900 
085 |8 3\u  |z 1  |s 09023 
085 |8 3\u  |z 1  |s 09024 
085 |8 3\u  |z 2  |s 4793 
100 1 |a Žukas, Julius  |e Verfasser  |4 aut  |0 (DE-603)160706971 
245 0 0 |a Klaipėdos miesto ir regiono ekonominė istorija XIII - XVI amžiais  |b ūkinė raida ikiindustrinėje epochoje ; monografija  |c Julius Žukas 
264 1 |a Klaipėda  |b Klaipėdos Universiteto Leidykla  |c 2015 
300 |a 175 Seiten  |b Illustrationen 
336 |a Text  |b txt  |2 rdacontent 
337 |a ohne Hilfsmittel zu benutzen  |b n  |2 rdamedia 
338 |a Band  |b nc  |2 rdacarrier 
500 |a Literaturverzeichnis Seite 148 - 160 
546 |a Zusammenfassung in deutscher Sprache 
648 7 |a Geschichte 1200-1600  |2 gnd 
650 7 |a Wirtschaftsentwicklung  |0 (DE-588)4066438-7  |0 (DE-603)085186708  |2 gnd 
651 7 |a Memel  |0 (DE-588)4394964-2  |0 (DE-603)088490564  |2 gnd 
787 0 8 |i Zusammengefasst als  |t Wirtschaftsgeschichte der Stadt und Region Memel im 13.-16. Jahrhundert. Die wirtschaftliche Entwicklung in der vorindustriellen Zeit 
856 4 2 |m V:DE-603;B:DE-Mb50  |q application/pdf  |u http://scans.hebis.de/HEBCGI/show.pl?36751051_toc.pdf  |3 Inhaltsverzeichnis 
924 0 |9 Mb 50  |a (DE-603)764662422  |b DE-Mb50  |c HES  |d c  |g 16.00341 
924 0 |9 2080  |a (DE-603)1049870980  |b DE-2080  |c HES  |d d  |g /